Registro de Documentos del Gobierno.
I tiakina i:
| Kaituhi rangatōpū: | |
|---|---|
| Hōputu: | Raupapa |
| Reo: | Ingarihi |
| I whakaputaina: |
Santiago, Chile:
Imprenta de la Biblioteca,
1826-1827.
|
| Ngā marau: | |
| Ngā Tūtohu: |
Tāpirihia he Tūtohu
Kāore He Tūtohu, Me noho koe te mea tuatahi ki te tūtohu i tēnei pūkete!
|
MARC
| LEADER | 00000nas a22000007a 4500 | ||
|---|---|---|---|
| 003 | CL-VaPUC | ||
| 005 | 20230914104148.0 | ||
| 008 | 230914t1826 ||||| |||| 00| 0 eng d | ||
| 999 | |c 441797 |d 441795 | ||
| 040 | |c Pontificia Universidad Católica de Valparaíso | ||
| 082 | |2 22 |a 320.983 DEP 1826 | ||
| 082 | |2 22 |a 320.983 DEP 1827 | ||
| 110 | |9 884643 |a Departamento de Relaciones Esteriores. |b Gobierno de Chile. | ||
| 245 | |a Registro de Documentos del Gobierno. | ||
| 260 | |a Santiago, Chile: |b Imprenta de la Biblioteca, |c 1826-1827. | ||
| 310 | |a Bisemanal. | ||
| 583 | |c 20230914 |k Yessy Sthefany Diaz Vidal | ||
| 650 | 0 | |9 255151 |a Política y gobierno |v Publicaciones periódicas |y 1826-1827 |z Chile | |
| 650 | 0 | |9 390114 |a Chile |v Publicaciones oficiales |x Elección de diputados, relaciones internacionales, etc. |y Siglo 19 | |
| 866 | |a No. 1 (18 abr. 1826) - no. 84 (1 dic. 1827). |z Sólo formato impreso. | ||
| 942 | |2 ddc |c BK |n 1 | ||
| 952 | |0 0 |1 0 |2 ddc |4 0 |6 320_983000000000000_DEP_1826 |7 0 |8 X |9 591576 |a FDOBUD |b FDOBUD |d 2023-09-14 |i 4965639 |o 320.983 DEP 1826 |p 4965639 |r 2023-09-14 |t 1 |w 2023-09-14 |y BK_X |k BUD | ||